Rancang wang

Bibliographic Details
Main Author: Shamsuddin Kadir
Other Authors: Ain Muhammad
Format: Book
Published: Kuala Lumpur : Ultra Mind Resources , 2021
Subjects:

MARC

LEADER 00000cam a2200000 7i4500
001 0000089897
005 20230125120723.0
008 220830
020 |a 9789671744437 
041 |a Malay 
090 0 0 |a 332.024   |b SHA 
100 0 |a Shamsuddin Kadir 
245 0 0 |a Rancang wang   |c Shamsuddin Kadir 
260 |a Kuala Lumpur :   |b Ultra Mind Resources ,   |c 2021 
300 |a 181 p. ;   |c 21.5 cm. 
541 |c Purchase on 2022   |f E220106 ABR   |h RM33.00 
650 0 |a Finance, Personal 
650 0 |a Weddings   |x Planning 
700 0 |a Ain Muhammad 
730 0 |a Judul 
999 |a 0001688139   |b Book   |c Adult Collection   |e Desa - PPAJ 
999 |a 0001688140   |b Book   |c Adult Collection   |e Desa - PPAJ 
999 |a 0001688141   |b Book   |c Adult Collection   |e Desa - PPAJ 
999 |a 0001688142   |b Book   |c Adult Collection   |e Desa - PPAJ 
999 |a 0001688143   |b Book   |c Adult Collection   |e Desa - PPAJ 
999 |a 0001688144   |b Book   |c Adult Collection   |e Desa - PPAJ 
999 |a 0001688145   |b Book   |c Adult Collection   |e Desa - PPAJ 
999 |a 0001688146   |b Book   |c Adult Collection   |e Desa - PPAJ 
999 |a 0001688148   |b Book   |c Adult Collection   |e Desa - PPAJ 
999 |a 0001688149   |b Book   |c Adult Collection   |e Desa - PPAJ 
999 |a 0001688150   |b Book   |c Adult Collection   |e Desa - PPAJ 
999 |a 0001688151   |b Book   |c Adult Collection   |e Desa - PPAJ 
999 |a 0001688152   |b Book   |c Adult Collection   |e Desa - PPAJ 
999 |a 0001688153   |b Book   |c Adult Collection   |e Desa - PPAJ 
999 |a 0001688154   |b Book   |c Adult Collection   |e Desa - PPAJ 
999 |a 0001688155   |b Book   |c Adult Collection   |e Desa - PPAJ 
999 |a 0001688156   |b Book   |c Adult Collection   |e Desa - PPAJ 
999 |a 0001688157   |b Book   |c Adult Collection   |e Desa - PPAJ 
999 |a 0001688158   |b Book   |c Adult Collection   |e Desa - PPAJ 
999 |a 0001688160   |b Book   |c Adult Collection   |e Desa - PPAJ 
999 |a 0001688161   |b Book   |c Adult Collection   |e Desa - PPAJ 
999 |a 0001688162   |b Book   |c Adult Collection   |e Desa - PPAJ 
999 |a 0001688163   |b Book   |c Adult Collection   |e Desa - PPAJ 
999 |a 0001688164   |b Book   |c Adult Collection   |e Desa - PPAJ 
999 |a 0001688165   |b Book   |c Adult Collection   |e Desa - PPAJ 
999 |a 0001688166   |b Book   |c Adult Collection   |e Desa - PPAJ 
999 |a 0001688167   |b Book   |c Adult Collection   |e Desa - PPAJ 
999 |a 0001688168   |b Book   |c Adult Collection   |e Desa - PPAJ 
999 |a 0001688169   |b Book   |c Adult Collection   |e Desa - PPAJ 
999 |a 0001688170   |b Book   |c Adult Collection   |e Desa - PPAJ 
999 |a 0001688173   |b Book   |c Adult Collection   |e Desa - PPAJ 
999 |a 0001688174   |b Book   |c Adult Collection   |e Desa - PPAJ 
999 |a 0001688175   |b Book   |c Adult Collection   |e Desa - PPAJ 
999 |a 0001688177   |b Book   |c Adult Collection   |e Desa - PPAJ 
999 |a 0001688178   |b Book   |c Adult Collection   |e Desa - PPAJ 
999 |a 0001688179   |b Book   |c Adult Collection   |e Desa - PPAJ 
999 |a 0001688180   |b Book   |c Adult Collection   |e Desa - PPAJ 
999 |a 0001688181   |b Book   |c Adult Collection   |e Desa - PPAJ 
999 |a 0001688184   |b Book   |c Adult Collection   |e Desa - PPAJ 
999 |a 0001688185   |b Book   |c Adult Collection   |e Desa - PPAJ 
999 |a 0001688186   |b Book   |c Adult Collection   |e Desa - PPAJ 
999 |a 0001688519   |b Book   |c Adult Collection   |e Perbadanan Perpustakaan Awam Johor 
999 |a 0001688525   |b Book   |c Adult Collection   |e Cawangan Urban Transformation Centre 
999 |a 0001688528   |b Book   |c Adult Collection   |e Cawangan AEON Kulaijaya 
999 |a 0001688532   |b Book   |c Adult Collection   |e Cawangan Tmn. Ungku Tun Aminah 
999 |a 0001688535   |b Book   |c Adult Collection   |e Cawangan Mersing 
999 |a 0001688536   |b Book   |c Adult Collection   |e Perbadanan Perpustakaan Awam Johor 
999 |a 0001688537   |b Book   |c Adult Collection   |e Perbadanan Perpustakaan Awam Johor 
999 |a 0001688538   |b Book   |c Adult Collection   |e Cawangan AEON Kulaijaya 
999 |a 0001688539   |b Book   |c Adult Collection   |e Cawangan Bukit Gambir 
999 |a 0001688540   |b Book   |c Adult Collection   |e Cawangan Pontian 
999 |a 0001688541   |b Book   |c Adult Collection   |e Cawangan Muar 
999 |a 0001688542   |b Book   |c Adult Collection   |e Cawangan Batu Pahat 
999 |a 0001688543   |b Book   |c Adult Collection   |e Cawangan Bandar Tenggara 
999 |a 0001688545   |b Book   |c Adult Collection   |e Cawangan Segamat 
999 |a 0001688546   |b Book   |c Adult Collection   |e Cawangan Tangkak 
999 |a 0001688547   |b Book   |c Adult Collection   |e Cawangan Taman Sri Lambak 
999 |a 0001688548   |b Book   |c Adult Collection   |e Cawangan Kota Tinggi 
999 |a 0001688549   |b Book   |c Adult Collection   |e Cawangan Bandar Penawar 
999 |a 0001691554   |b Book   |c Adult Collection   |e Cawangan Urban Transformation Centre